000 00291nam a22001337a 4500
008 170710b xxu||||| |||| 00| 0 eng d
020 _a052182348X
041 _aeng
080 _22ND
_a030
100 _a23
101 _aENC
245 _aTHE ENGLISH LANGUAGE
_cCRYSTAL,D
942 _2udc
_cBK
999 _c20142
_d20142